Statistics for NBA Teams

Click here to take the quiz!

General Stats

  • This quiz has been taken 10 times
  • The average score is 25 of 30

Answer Stats

HintAnswer% Correct
1Heat
100%
5Lakers
100%
1076ers
88%
16Bucks
88%
17Cavaliers
88%
14Celtics
88%
27Hawks
88%
18Jazz
88%
15Knicks
88%
30Magic
88%
12Nets
88%
29Pacers
88%
26Pelicans
88%
11Pistons
88%
13Raptors
88%
2Warriors
88%
28Wizards
88%
9Bulls
75%
20Clippers
75%
23Grizzlies
75%
7Mavericks
75%
21Nuggets
75%
25Rockets
75%
19Spurs
75%
4Thunder
75%
24Timberwolves
75%
3Trailblazers
75%
22Hornets
63%
6Kings
63%
8Suns
63%

Score Distribution

Percentile by Number Answered

Percent of People with Each Score

Your Score History

You have not taken this quiz